[Event "18th Prague Open-A 2019"]
[Site "Prague"]
[Date "2019.01.13"]
[Round "4"]
[White "Spiess, Gunter"]
[Black "Riha, Vojtech"]
[Result "1-0"]
[WhiteElo "2414"]
[BlackElo "2145"]
[Annotator "TA"]
[PlyCount "73"]
[EventDate "2019.01.11"]
[EventType "swiss"]
[EventCountry "CZE"]
[SourceTitle "playchess.com"]
[Source "ChessBase"]
[SourceQuality "1"]

{[%evp 22,73,56,38,54,50,60,52,65,61,56,60,113,104,174,163,157,147,138,124,183,183,176,185,162,168,150,129,212,181,340,102,200,238,479,458,483,488,485,482,470,472,484,487,468,452,452,351,871,747,886,866,845,849]} 1. Nf3 c5 2. c4 Nc6 3. d4 cxd4 4. Nxd4 g6 5. e4 Bg7 6. Be3 Nf6 7. Nc3 d6 8. Be2 O-O 9. O-O Bd7 10. Nc2 Rc8 11. f3 Re8 {B38: Sicilian: Maroczy Bind with 5...Bg7 and 7...0-0} (11... a6 12. Qd2 Ne5 13. Na3 Re8 14. Rab1 Qc7 15. Rfc1 Qa5 16. Rc2 {½-½ (16) Bacrot,E (2695)-Gharamian,T (2672) Belfort 2012}) 12. Qd2 {LiveBook: 3 Games} Qa5 13. Rab1 $146 ({Predecessor:} 13. Rfc1 a6 14. Rab1 Ne5 15. b4 Qd8 16. Na3 Be6 17. Nd5 Nxd5 18. cxd5 Bd7 19. h3 {1-0 (41) Shariyazdanov,A (2575)-Vorobiov,E (2552) Sochi 2004}) 13... Ne5 {White is slightly better.} 14. b4 {[%cal Bb2b4,Bb4b5][%mdl 32]} Qc7 15. Na3 $1 a6 16. Rfc1 e6 (16... Qb8 $14) 17. h3 Nh5 (17... Bf8 $16) 18. f4 $18 Nc6 19. b5 {Bxh5 is the strong threat.} Ne7 20. Na4 Ng3 {[#]} (20... axb5 $16 21. cxb5 (21. Nxb5 Bxb5 22. cxb5 Qd8 $14) 21... Qb8) 21. Bf3 $1 f5 22. e5 dxe5 23. Bb6 Qb8 {[#]} 24. Nc5 $1 $36 {[%cal Rc5d7][%mdl 2048] Black is under strong pressure.} Rxc5 (24... Bxb5 $16 {might work better.} 25. cxb5 e4) 25. Bxc5 e4 $2 (25... Qc8 26. Bf2 e4) 26. Bd1 $2 (26. Qxd7 $18 {has better winning chances.} exf3 27. Bxe7 f2+ 28. Kh2 Rxe7 29. Qxe7 Qxf4 30. Qxe6+ {[%mdl 64] Double Attack} Kf8 31. Qc8+ {[%mdl 64] Double Attack} Ke7 32. Qc5+ (32. Qxb7+ $2 Kf6 $19) 32... Kf6 33. Qxf2 (33. Qb6+ $2 Kg5 $19) 33... Qxf2 34. bxa6 bxa6 35. Nc2) 26... Qc8 (26... Qc7 $16 {was worth a try.} 27. Bf2 Nh5) 27. Bf2 Nh5 $2 (27... e3 {was called for.} 28. Qxe3 (28. Bxe3 Ne4 $16) 28... Ne4) 28. Bxh5 gxh5 29. Rd1 Bxb5 30. cxb5 Nd5 31. Rbc1 Qb8 32. Be3 Bh6 33. Rf1 Rd8 34. Rcd1 e5 $2 {[#]} (34... Bf8 35. Nc2 axb5) 35. Bb6 $1 {[%mdl 576] Pin. White is clearly winning.} Rd7 (35... Nxb6 36. Qxd8+) 36. Qxd5+ Rxd5 37. Rxd5 {Accuracy: White = 73%, Black = 22%.} 1-0

[Event "18th Prague Open-A 2019"]
[Site "Prague"]
[Date "2019.01.13"]
[Round "4"]
[White "Roeder, Matthias"]
[Black "Haase, Pavel"]
[Result "1/2-1/2"]
[WhiteElo "2396"]
[BlackElo "2141"]
[Annotator "TA"]
[PlyCount "84"]
[EventDate "2019.01.11"]
[EventType "swiss"]
[EventCountry "CZE"]
[SourceTitle "playchess.com"]
[Source "ChessBase"]
[SourceQuality "1"]

{[%evp 10,84,25,21,20,16,24,23,59,51,59,41,41,25,64,73,92,97,97,91,138,125,141,130,129,98,92,62,52,0,8,22,48,0,103,101,97,83,104,99,135,69,76,67,64,69,72,75,175,192,165,95,104,43,40,0,0,0,0,0,0,0,0,0,0,0,0,0,0,0,0,0,0,0,0,0,0]} 1. Nf3 Nf6 2. g3 c5 3. c4 Nc6 4. Bg2 e5 5. Nc3 Be7 (5... d6 6. O-O Be7 7. e3 O-O 8. d4 cxd4 9. exd4 Bg4 10. Ne2 e4 11. Nd2 Nxd4 12. f3 exf3 13. Nxf3 Nxf3+ 14. Bxf3 Bxf3 15. Rxf3 Rc8 {0-1 (33) Ruck,R (2561)-Saric,I (2652) Tallinn 2016}) 6. d3 {LiveBook: 5 Games. A34: Symmetrical English: 2 Nc3, lines with ...d5} O-O 7. Nd2 Ne8 $146 ({Predecessor:} 7... d6 8. Nf1 Be6 9. Ne3 Qd7 10. Ned5 Bd8 11. h4 h6 12. Rb1 a6 13. a3 {½-½ (28) Schoen,A (2479)-Staniszewski,J (2500) ICCF email 2012}) 8. O-O {White has an edge.} f5 9. a3 Nc7 10. Rb1 a5 11. Nd5 Ne6 12. e3 g5 13. b3 d6 14. Bb2 Bf6 15. Nxf6+ Rxf6 16. f4 gxf4 17. gxf4 Rg6 18. Qh5 exf4 19. Kh1 (19. Qxf5 Ng5 $17) (19. exf4 $14 Bd7 20. Kh1 (20. Qxf5 Ncd4 $11)) 19... Qg5 ({Of course not} 19... Rg5 $6 20. Qh3 $16) 20. Qxg5 Rxg5 21. exf4 Rg4 (21... Rg6 $11 {remains equal.}) 22. Bh3 $16 Rxf4 23. Bxf5 Rxf1+ 24. Rxf1 Ncd4 25. Rg1+ (25. Ne4 $16) 25... Kf7 $14 26. Bxh7 Bd7 27. Be4 Bc6 28. Bd5 Bxd5+ (28... Ke7 $16 {was necessary.}) 29. cxd5 $18 Nc7 30. Bxd4 (30. Rg5 $18) 30... cxd4 {[%mdl 4096] Endgame KRN-KRN} 31. Rg4 (31. Nc4 $16) 31... a4 32. Rxd4 axb3 {The position is equal.} 33. Rb4 Rxa3 {[#] Threatens to win with ...Ra1+.} 34. Rxb7 {Nc4 is the strong threat.} Ra1+ 35. Kg2 Ra2 36. Rxc7+ $11 {KRN-KR} Kf6 37. Kf3 Rxd2 {[%mdl 64] [#] Double Attack} 38. Ke4 Rxh2 (38... b2 $5 39. Rb7 $8 Rxh2 $11) 39. Rb7 Rh4+ 40. Ke3 Ke5 41. Rxb3 Rh3+ 42. Kd2 {Strongly threatening d4+!} Kxd5 {Accuracy: White = 64%, Black = 43%.} 1/2-1/2

[Event "18th Prague Open-A 2019"]
[Site "Prague"]
[Date "2019.01.13"]
[Round "4"]
[White "Zhang, Ziji"]
[Black "Naumkin, Igor"]
[Result "1-0"]
[WhiteElo "2387"]
[BlackElo "2418"]
[Annotator "TA"]
[PlyCount "89"]
[EventDate "2019.01.11"]
[EventType "swiss"]
[EventCountry "CZE"]
[SourceTitle "playchess.com"]
[Source "ChessBase"]
[SourceQuality "1"]

{[%evp 15,89,32,26,-10,-8,-8,-5,-6,-4,-12,-12,-14,-12,-35,-23,-23,-18,-27,-10,-32,-21,-37,-51,-46,-31,-57,-4,-16,-2,-16,-9,-25,0,0,77,70,81,48,57,14,27,22,50,46,52,0,0,0,0,0,100,89,114,45,78,12,10,82,70,0,423,414,1059,1044,1034,890,1077,1004,919,887,910,827,29994,29995,29996,939]} 1. d4 e6 2. c4 f5 3. Nc3 Bb4 4. Nf3 Nf6 5. Qb3 Qe7 6. g3 b6 {A85: Dutch Defence: 2 c4 Nf6 3 Nc3} 7. Bg2 Bb7 8. O-O Bxc3 {LiveBook: 19 Games. White is slightly better.} 9. bxc3 (9. Qxc3 O-O 10. Rd1 d6 11. Bg5 Nbd7 12. d5 h6 13. Bxf6 Rxf6 14. b4 {½-½ (93) Kovalenko,I (2572)-Wang,H (2733) Sochi 2012}) 9... O-O 10. a4 $146 ({Predecessor:} 10. Ba3 d6 11. c5 Ne4 12. Rac1 Nc6 13. cxd6 cxd6 14. c4 {0-1 (39) Sapunov,E (2498)-Ulybin,M (2580) Samara 2000}) 10... Be4 11. Ba3 d6 12. c5 Nc6 13. cxd6 cxd6 14. Nd2 Bxg2 15. Kxg2 Na5 16. Qa2 Rfd8 17. Kg1 Rac8 18. c4 Qf7 19. Rac1 e5 20. Qb2 e4 (20... Ne4 $15 21. Nxe4 fxe4 22. dxe5 Nxc4) 21. Qb5 Nc6 22. Bb2 Qh5 23. Rfe1 a6 (23... e3 {feels hotter.} 24. fxe3 Qg5 25. Qb3 Na5 26. Qd3 Ng4) 24. Qb3 d5 {[#]} (24... Na5 $11 25. Qxb6 Ng4) 25. cxd5 $1 $16 Nxd5 {[#]} 26. Nc4 $1 {[%cal Rc4b6]} Rb8 27. Ne3 Na5 28. Qa3 Qf7 29. Nxd5 Rxd5 30. Qe3 (30. Rc2 $14) 30... h6 $11 31. Qf4 Rbd8 32. Rc7 R5d7 (32... Qe8 $11 {remains equal.}) 33. Rec1 $16 Kh7 34. Qe5 $36 {[%mdl 2048] Black is under pressure.} (34. g4 $16) 34... Rxc7 35. Rxc7 (35. Qxc7 $16 Qd5 36. e3 (36. Qxb6 Nc4 $11)) 35... Rd7 $11 36. Rc8 Re7 37. Qd6 ({Better is} 37. Qb8 $14 Qb3 38. Kg2) 37... Re6 $2 {[%mdl 8192]} (37... e3 $1 $11 {and Black is okay.}) 38. Qd8 $18 f4 (38... Rc6 $142 39. Rb8 Nc4) 39. d5 fxg3 40. hxg3 {[%cal Bh2g3,Bg3g4][%mdl 32]} e3 41. f3 ({Weaker is} 41. dxe6 Qxf2+ 42. Kh1 Qf1+ 43. Kh2 Qxe2+ 44. Kh3 Qh5+ 45. Kg2 Qe2+ 46. Kh3 Qh5+ 47. Qh4 Qf5+ 48. Qg4 Qf1+ 49. Kh2 (49. Kh4 $2 Qh1+ 50. Qh3 g5+ 51. Kg4 Qe4+ {[%mdl 64] Double Attack} 52. Kh5 Qg6+ 53. Kg4 Qxe6+ {[%mdl 64] Double Attack} 54. Kf3 Qxh3 $19) 49... Qf2+ 50. Kh1 (50. Kh3 Qf1+ 51. Kh2 Qf2+ 52. Kh1 Qf1+ 53. Kh2 $11) 50... Qf1+ 51. Kh2 Qf2+ 52. Kh1 (52. Kh3 Qf1+ 53. Kh2 $11) 52... Qf1+ 53. Kh2 $11) 41... Re7 42. Qh8+ Kg6 43. Rg8 Qxd5 44. Rxg7+ {[%mdl 64] Double Attack} Kh5 45. g4+ {Accuracy: White = 57%, Black = 36%.} 1-0

[Event "18th Prague Open-A 2019"]
[Site "Prague"]
[Date "2019.01.13"]
[Round "4"]
[White "Vojta, Tomas"]
[Black "Kulkarni Bhakti"]
[Result "1-0"]
[WhiteElo "2351"]
[BlackElo "2303"]
[Annotator "NA"]
[PlyCount "89"]
[EventDate "2019.01.11"]
[EventType "swiss"]
[EventCountry "CZE"]
[SourceTitle "playchess.com"]
[Source "ChessBase"]
[SourceQuality "1"]
[TimeControl "40/5400+30:1800+30"]

1. d4 {[%emt 0:00:00]} Nf6 {[%emt 0:00:00]} 2. c3 {[%emt 0:00:34]} g6 {[%emt 0:00:30]} 3. Nf3 {[%emt 0:01:25]} Bg7 {[%emt 0:00:14]} 4. Bg5 {[%emt 0:00:33]} O-O {[%emt 0:01:34]} 5. Nbd2 {[%emt 0:01:02]} d6 {[%emt 0:03:04]} 6. e4 {[%emt 0:02:23]} h6 {[%emt 0:00:21]} 7. Bh4 {[%emt 0:02:56]} c5 {[%emt 0:04:32]} 8. dxc5 {[%emt 0:06:16]} dxc5 {[%emt 0:00:23]} 9. Qc2 {[%emt 0:00:12]} Nc6 {[%emt 0:01:42]} 10. Bc4 {[%emt 0:04:24]} Na5 {[%emt 0:10:17]} 11. Be2 {[%emt 0:04:27]} Be6 {[%emt 0:00:51]} 12. O-O {[%emt 0:01:06]} Nh5 {[%emt 0:02:54]} 13. Nb3 {[%emt 0:08:54]} Nxb3 {[%emt 0:05:51]} 14. axb3 {[%emt 0:00:08]} Nf4 {[%emt 0:13:39]} 15. Bc4 {[%emt 0:01:21]} Bxc4 {[%emt 0:00:58]} 16. bxc4 {[%emt 0:00:05]} Qc7 {[%emt 0:06:05]} 17. Bg3 {[%emt 0:01:49]} Rfd8 {[%emt 0:01:00]} 18. Rad1 {[%emt 0:07:01]} g5 19. h3 {[%emt 0:07:00]} Qc6 {[%emt 0:04:29]} 20. Rfe1 {[%emt 0:06:51]} Qb6 {[%emt 0:07:55]} 21. Bxf4 {[%emt 0:03:45]} gxf4 {[%emt 0:00:05]} 22. e5 {[%emt 0:04:11]} e6 {[%emt 0:03:01]} 23. Rb1 {[%emt 0:04:31]} a5 {[%emt 0:03:48]} 24. Qc1 {[%emt 0:01:26]} Rd3 {[%emt 0:04:51]} 25. Qxf4 {[%emt 0:00:06]} Rad8 {[%emt 0:00:02]} 26. Nh2 {[%emt 0:05:59]} h5 {[%emt 0:02:37]} 27. Qh4 {[%emt 0:03:37]} Qb3 {[%emt 0:00:20]} 28. Qxh5 {[%emt 0:04:53]} Qxc4 {[%emt 0:00:24]} 29. Nf3 {[%emt 0:00:56]} Qf4 {[%emt 0:00:47]} 30. Qg4 {[%emt 0:00:30]} Qxg4 {[%emt 0:00:53]} 31. hxg4 {[%emt 0:05:27]} R3d5 {[%emt 0:02:18]} 32. Kf1 {[%emt 0:03:34]} c4 {[%emt 0:03:32]} 33. Ra1 {[%emt 0:02:17]} Rb5 {[%emt 0:01:01]} 34. Re2 {[%emt 0:02:05]} Rc5 {[%emt 0:00:26]} 35. Ke1 {[%emt 0:00:56]} Kf8 {[%emt 0:01:40]} 36. Rd1 {[%emt 0:00:25]} Rxd1+ {[%emt 0:00:12]} 37. Kxd1 {[%emt 0:00:01]} b5 {[%emt 0:00:22]} 38. Kc2 {[%emt 0:00:36]} Ke7 {[%emt 0:00:31]} 39. Re4 {[%emt 0:00:53]} Kd7 {[%emt 0:01:23]} 40. Ng5 {[%emt 0:04:33]} Rxe5 {[%emt 0:00:30]} 41. Rxe5 {[%emt 0:30:30]} Bxe5 {[%emt 0:30:30]} 42. Nxf7 {[%emt 0:00:30]} Bf6 {[%emt 0:13:53]} 43. g5 {[%emt 0:00:00]} Ke7 {[%emt 0:00:00]} 44. Nd6 {[%emt 0:00:00]} Bxg5 {[%emt 0:00:00]} 45. Nxb5 {[%emt 0:00:00]} 1-0

[Event "18th Prague Open-A 2019"]
[Site "Prague"]
[Date "2019.01.13"]
[Round "4"]
[White "Cerveny, Petr"]
[Black "Kacharava, Nikolozi"]
[Result "0-1"]
[WhiteElo "2318"]
[BlackElo "2397"]
[Annotator "TA"]
[PlyCount "112"]
[EventDate "2019.01.11"]
[EventType "swiss"]
[EventCountry "CZE"]
[SourceTitle "playchess.com"]
[Source "ChessBase"]
[SourceQuality "1"]

{[%evp 12,112,22,11,72,75,68,89,82,69,61,60,52,60,59,48,73,42,35,15,49,0,11,11,18,0,0,0,11,0,0,0,0,0,0,0,3,-19,-14,-21,-21,-20,5,0,0,0,0,-6,5,6,6,7,10,0,39,0,0,0,0,0,8,0,60,57,74,66,147,141,154,159,149,40,24,25,29,8,13,15,26,0,0,-8,-8,-8,-8,-828,-822,-738,-683,-29960,-29938,-29964,-29967,-29956,-29970,-29973,-29972,-29972,-29973,-29973,-29970,-5093,-5093]} 1. e4 e5 2. Nf3 Nf6 3. Nxe5 d6 4. Nf3 Nxe4 5. Bd3 d5 6. O-O {C42: Petroff Defence: 3 Nxe5 and unusual White 3rd moves} Be7 7. Re1 {LiveBook: 11 Games} Bf5 (7... Nf6 $11 {keeps the balance.}) (7... Nd6 8. Nc3 c6 9. b3 O-O 10. Ba3 Bg4 11. h3 Bh5 12. Qe2 Bf6 13. Qe3 Re8 {1-0 (36) Grischuk,A (2766)-Caruana,F (2816) Leuven 2018}) 8. Nc3 $16 {White is better.} Nxc3 9. dxc3 Bxd3 10. cxd3 (10. Qxd3 {feels hotter.} O-O 11. Bf4 c6 12. Rad1 Nd7 13. c4) 10... O-O 11. Qb3 b6 12. Bf4 $146 ({Predecessor:} 12. d4 c6 13. Ne5 Qc7 {1-0 (56) Martin Rueda,D (2223)-De la Barrera Montenegro,E Madrid 2002}) 12... Bf6 13. d4 Qd7 14. a4 Nc6 {[%cal Bb8c6,Bc6a5,Ba5c4][%mdl 32]} 15. Re2 Rfe8 16. Rae1 {Qxd5! is the strong threat.} Rxe2 17. Rxe2 Na5 18. Qb5 c6 19. Qa6 h6 20. h3 Nc4 21. Bg3 Qc8 22. Qxc8+ Rxc8 23. Kf1 c5 24. Bf4 cxd4 25. Nxd4 Bxd4 26. cxd4 $11 {[%mdl 4096] Endgame KRB-KRN} a6 27. Ke1 f6 28. Kd1 g5 29. Bc1 Na5 30. Re6 Rc6 31. Re8+ Kf7 32. Rd8 Ke6 33. Rh8 Rc4 34. Be3 Kf7 35. Rh7+ Kg6 36. Rd7 Kf5 (36... h5 $11) 37. Rxd5+ $14 Ke4 38. Rd6 Rxa4 (38... Rb4 $14) 39. Rxf6 $16 ({Don't play} 39. Rxb6 Nc4 $16) 39... Rb4 40. Kc2 Rc4+ {[#]} 41. Kb1 ({White has to play} 41. Kd2 $1 $16) 41... Rc6 $14 42. Rxc6 Nxc6 $11 {[#] KB-KN} 43. d5 $1 {[%mdl 512]} Kxd5 44. Bxb6 Nb4 $1 45. Kc1 Nd3+ 46. Kb1 Nf4 47. g3 Nxh3 {Threatens to win with ...Ke4.} 48. Ka2 $2 {[%mdl 8192]} (48. f3 $11) 48... Ke4 $19 49. f4 {[#]} Nxf4 $1 {[%mdl 512]} 50. gxf4 Kxf4 {KB-K3P} 51. Kb3 h5 {[%cal Bh6h5,Bh5h4,Bh4h3][%mdl 32]} 52. Kb4 h4 53. Ka5 h3 54. Kxa6 Kf3 55. Bc7 g4 {[%cal Bg5g4,Bg4g3][%mdl 32]} 56. b4 g3 {Precision: White = 50%, Black = 61%.} 0-1

[Event "18th Prague Open-A 2019"]
[Site "Prague"]
[Date "2019.01.13"]
[Round "4"]
[White "Pushkov, Nikolai"]
[Black "Mis, Mieszko"]
[Result "1/2-1/2"]
[WhiteElo "2309"]
[BlackElo "2242"]
[Annotator "NA"]
[PlyCount "66"]
[EventDate "2019.01.11"]
[EventType "swiss"]
[EventCountry "CZE"]
[SourceTitle "playchess.com"]
[Source "ChessBase"]
[SourceQuality "1"]
[TimeControl "40/5400+30:1800+30"]

1. d4 {[%emt 0:00:00]} Nf6 {[%emt 0:00:00]} 2. Nf3 {[%emt 0:00:00]} g6 {[%emt 0:00:00]} 3. c4 {[%emt 0:00:25]} Bg7 {[%emt 0:00:03]} 4. Nc3 {[%emt 0:00:32]} d5 {[%emt 0:00:07]} 5. cxd5 {[%emt 0:01:23]} Nxd5 {[%emt 0:00:06]} 6. Bd2 {[%emt 0:00:27]} O-O {[%emt 0:05:24]} 7. e4 {[%emt 0:00:23]} Nxc3 {[%emt 0:00:49]} 8. Bxc3 {[%emt 0:00:30]} c5 {[%emt 0:00:36]} 9. d5 {[%emt 0:01:25]} Bxc3+ {[%emt 0:05:20]} 10. bxc3 {[%emt 0:00:02]} e6 {[%emt 0:00:17]} 11. Be2 {[%emt 0:03:49]} exd5 {[%emt 0:01:46]} 12. exd5 {[%emt 0:00:04]} Nd7 {[%emt 0:02:42]} 13. O-O {[%emt 0:00:51]} Nf6 {[%emt 0:01:13]} 14. c4 {[%emt 0:00:39]} Re8 {[%emt 0:02:19]} 15. Bd3 {[%emt 0:04:32]} Bg4 {[%emt 0:02:51]} 16. h3 {[%emt 0:00:09]} Bxf3 {[%emt 0:00:04]} 17. Qxf3 {[%emt 0:00:03]} Qd6 {[%emt 0:00:32]} 18. Rfe1 {[%emt 0:02:31]} Kg7 {[%emt 0:02:51]} 19. Bf1 {[%emt 0:05:07]} b6 {[%emt 0:05:46]} 20. g3 {[%emt 0:00:53]} h5 {[%emt 0:03:46]} 21. h4 {[%emt 0:02:40]} Re5 {[%emt 0:23:13]} 22. Qc3 {[%emt 0:02:44]} Rae8 {[%emt 0:01:32]} 23. Rxe5 {[%emt 0:00:45]} Qxe5 {[%emt 0:04:03]} 24. Qxe5 {[%emt 0:00:20]} Rxe5 {[%emt 0:00:02]} 25. a4 {[%emt 0:00:18]} Re4 {[%emt 0:04:50]} 26. a5 {[%emt 0:00:29]} Nd7 {[%emt 0:08:49]} 27. axb6 {[%emt 0:00:40]} axb6 {[%emt 0:00:30]} 28. Rb1 {[%emt 0:03:24]} Ne5 {[%emt 0:05:00]} 29. Rxb6 {[%emt 0:01:22]} Nxc4 {[%emt 0:00:09]} 30. Bxc4 {[%emt 0:01:08]} Rxc4 {[%emt 0:00:03]} 31. Rc6 {[%emt 0:00:10]} Rc3 {[%emt 0:01:30]} 32. Kf1 {[%emt 0:01:00]} c4 {[%emt 0:00:24]} 33. Ke2 {[%emt 0:00:11]} Rd3 {[%emt 0:00:11]} 1/2-1/2

[Event "18th Prague Open-A 2019"]
[Site "Prague"]
[Date "2019.01.13"]
[Round "4"]
[White "Kulhanek, Tomas"]
[Black "Kvaloy, Aksel Bu"]
[Result "1-0"]
[WhiteElo "2303"]
[BlackElo "1914"]
[Annotator "TA"]
[PlyCount "119"]
[EventDate "2019.01.11"]
[EventType "swiss"]
[EventCountry "CZE"]
[SourceTitle "playchess.com"]
[Source "ChessBase"]
[SourceQuality "1"]

{[%evp 13,119,26,20,-22,0,0,46,35,31,26,33,44,48,46,40,22,70,67,83,71,85,100,156,154,166,64,58,60,68,0,0,0,72,85,62,79,76,72,97,66,55,9,9,9,9,9,10,0,0,0,13,0,0,0,111,90,104,95,105,97,143,153,329,319,286,191,401,258,286,278,286,272,239,37,57,41,191,177,892,892,1368,665,597,573,419,3799,29969,29970,29970,29970,29970,29971,29966,29963,29968,29970,29967,29966,29979,29980,29982,29983,29980,29983,29982,29984,29983,29984]} 1. e4 g6 2. d4 Bg7 3. Nc3 d6 4. f4 Nf6 5. Nf3 O-O 6. a3 Na6 {B09: Pirc Defence: Austrian Attack} (6... Bg4 7. Be2 Bxf3 8. Bxf3 e5 9. fxe5 dxe5 10. d5 c6 11. dxc6 Nxc6 12. Qxd8 Rfxd8 13. Bg5 Nd4 14. O-O-O {0-1 (52) Anand,V (2776)-Nepomniachtchi,I (2751) Moscow 2018}) 7. Be3 c5 {LiveBook: 8 Games} 8. Be2 $146 ({Predecessor:} 8. Bxa6 cxd4 9. Bxd4 bxa6 10. O-O Bb7 11. Re1 Qa5 12. Qd2 Rfe8 13. e5 dxe5 14. fxe5 {1-0 (72) Forcen Esteban,D (2498)-Gonzalez Diaz,J (2259) La Roda 2014}) 8... Ng4 {The position is equal.} 9. Bg1 Qa5 10. Qd2 cxd4 11. Nxd4 e5 $1 {[%cal Re5d4]} 12. Nb3 Qd8 13. O-O-O $36 {[%mdl 2048] Threatens to win with h3. White has good play.} exf4 14. Qxd6 Qg5 15. h4 Qh6 {...f3+ is the strong threat.} 16. Kb1 Be5 17. Qd3 Be6 (17... Nc7 $142) 18. Nd5 Rfd8 19. Nc5 (19. Qb5 $18 Bxd5 20. Rxd5 (20. exd5 Nc7 $14) 20... Rxd5 21. exd5) 19... Nxc5 $14 20. Bxc5 b6 21. Bd4 (21. Be7 $14 Re8 22. Qf3) 21... Bxd4 $11 22. Bxg4 Be5 (22... Bxg4 $11 23. Qxd4 Bxd1 24. Ne7+ Kf8 25. Qh8+ Kxe7 26. Qe5+ Kf8 27. Qh8+ Ke7 28. Qe5+ Kd7 29. Rxd1+ Kc8 30. Rxd8+ Kxd8 31. Qh8+ Ke7 32. Qe5+ (32. Qxa8 Qxh4 33. Qxa7+ Kf8 $11) 32... Kf8 33. Qh8+ Ke7 34. Qe5+ (34. Qxa8 Qxh4 35. Qxa7+ Kf8 $11) 34... Kf8 35. Qh8+ Ke7) 23. Bxe6 $16 fxe6 24. Qh3 Re8 25. Nb4 $1 Qg7 26. Nd3 h5 27. Nxe5 Qxe5 28. Rd7 Rac8 29. Qd3 Rc7 30. Rxc7 (30. Rd6 {with more complications.} Kg7 31. c3 Qf6 32. Ka2 Rf7 33. Rh2) 30... Qxc7 $11 {[%mdl 4096] Endgame KQR-KQR} 31. e5 Kg7 32. Qe4 Rf8 33. Rd1 Rd8 (33... Kh6 $11 {remains equal.}) 34. Rxd8 Qxd8 35. Qxf4 $16 {KQ-KQ} Qd1+ 36. Ka2 Qd5+ 37. c4 Qxg2 $2 (37... Qc6 $16 {keeps fighting.} 38. g3 b5) 38. Qf6+ $18 {[%mdl 64] Double Attack} Kh7 39. Qf7+ Kh8 $2 (39... Kh6) 40. Qxe6 {Black must now prevent Qf6+.} Qg4 41. Qf6+ Kh7 42. Qf7+ Kh8 43. Qc7 $2 (43. Qf8+ $18 Kh7 44. Qe7+ Kg8 45. Kb3 (45. Qxa7 Qxc4+ 46. Ka1 Qf1+ 47. Ka2 Qf7+ 48. Qxf7+ Kxf7 $19)) 43... a5 $14 44. Qd8+ Kh7 {[#]} (44... Kg7 $14) 45. Qd5 $1 $18 {Hoping for e6.} ({Worse is} 45. Qxb6 Qxc4+ 46. Qb3 Qxh4 $11) 45... Qxh4 $2 (45... Kg7 46. Kb3 Qxh4) 46. e6 Kg7 47. Qd7+ (47. c5 $142 bxc5 48. Qd7+ Kh6 49. e7 Qc4+ 50. Kb1 Qf1+ 51. Kc2 Qc4+ 52. Kd2 Qf4+ 53. Kc3 Qc1+ 54. Kb3 Qe3+ 55. Ka2) 47... Kh6 48. e7 {Strongly threatening Qe6.} Qxc4+ {[#]} 49. Kb1 $1 Qf1+ 50. Kc2 {White mates.} Qc4+ 51. Kd2 Qf4+ 52. Kd3 Qf1+ 53. Kc3 Qc1+ 54. Kb3 b5 55. Qe6 a4+ 56. Kb4 Qd2+ 57. Kc5 Qf2+ 58. Kc6 Qg2+ 59. Kb6 Qf2+ 60. Ka6 {Accuracy: White = 60%, Black = 48%.} 1-0

[Event "18th Prague Open-A 2019"]
[Site "Prague"]
[Date "2019.01.13"]
[Round "4"]
[White "Liu, Zhaoqi"]
[Black "Krivonosov, Oleg"]
[Result "1/2-1/2"]
[WhiteElo "2300"]
[BlackElo "2390"]
[Annotator "TA"]
[PlyCount "43"]
[EventDate "2019.01.11"]
[EventType "swiss"]
[EventCountry "CZE"]
[SourceTitle "playchess.com"]
[Source "ChessBase"]
[SourceQuality "1"]

{[%evp 19,43,31,45,41,41,13,36,45,47,41,38,42,41,12,12,8,31,11,12,15,43,0,0,5,0,0]} 1. c4 e6 2. Nc3 d5 3. d4 Be7 4. cxd5 exd5 5. Bf4 Nf6 6. e3 O-O 7. Bd3 c5 8. dxc5 Bxc5 9. Nge2 Nc6 10. O-O {D35: Queen's Gambit Declined: Exchange Variation} Be6 {LiveBook: 18 Games} (10... d4 11. exd4 Nxd4 12. Be5 Nc6 13. Bxf6 Qxf6 {½-½ (13) Kuzubov,Y (2647)-Berkes,F (2678) Valjevo 2018}) 11. Na4 Bd6 12. Rc1 {White is slightly better.} Rc8 13. Nc5 Bxc5 14. Rxc5 Qe7 15. Rc1 {[#]} Nh5 $146 ({Predecessor:} 15... Qb4 16. a3 Qb6 17. Nc3 h6 {½-½ (28) Shomoev,A (2560)-Obolenskikh,D (2501) Ulan Ude 2014}) 16. Bb1 Rfd8 17. Qd2 (17. Qd3 {is more complex.} g6 18. Bh6 Qf6 19. Nd4 Nxd4 20. Qxd4 Qxd4 21. exd4 Ng7 22. f3) 17... Qf6 18. Ng3 Nxg3 19. Bxg3 d4 20. b3 dxe3 21. Qxe3 Bf5 22. Bxf5 1/2-1/2

[Event "18th Prague Open-A 2019"]
[Site "Prague"]
[Date "2019.01.13"]
[Round "4"]
[White "Gomes, Mary Ann"]
[Black "Xiang, Zeyu"]
[Result "1-0"]
[WhiteElo "2296"]
[BlackElo "2440"]
[Annotator "TA"]
[PlyCount "67"]
[EventDate "2019.01.11"]
[EventType "swiss"]
[EventCountry "CZE"]
[SourceTitle "playchess.com"]
[Source "ChessBase"]
[SourceQuality "1"]

{[%evp 18,67,-15,-9,-6,0,0,-2,16,10,10,22,26,0,12,-5,2,0,15,8,4,0,48,50,69,54,68,0,0,0,0,0,0,0,0,0,93,101,104,100,93,102,210,205,222,218,214,210,210,208,749,768]} 1. Nf3 d5 2. c4 d4 3. g3 c5 4. d3 Nc6 5. Bg2 Nf6 6. O-O e5 7. e3 Bd6 {A09: Réti Opening: 1 Nf3 d5 2 c4} (7... Be7 8. exd4 cxd4 9. Re1 Nd7 10. Na3 O-O 11. Nc2 a5 12. b3 f6 13. Nd2 Nc5 14. Ne4 Bf5 15. Nxc5 Bxc5 {½-½ (31) Radjabov,T (2741)-Harikrishna,P (2738) Palma de Mallorca 2017}) 8. exd4 cxd4 9. a3 a5 10. Bg5 {LiveBook: 3 Games} h6 11. Bxf6 Qxf6 12. Nbd2 O-O (12... Bc7 {seems wilder.} 13. Re1 O-O 14. c5 Bg4 15. h3 Bf5) 13. Ne4 Qd8 $146 14. Nxd6 Qxd6 15. Re1 Bg4 16. h3 Bh5 17. Qd2 Rfe8 18. Nh4 a4 19. Be4 Ra7 20. f4 exf4 21. g4 $36 {[%mdl 2048] And now Nf5 would win. White has good play.} Bg6 22. Bxg6 ({Better is} 22. Nxg6 $14 fxg6 23. Bd5+ Kf8 24. Rxe8+ Kxe8 25. Re1+ Kd7 26. Qg2) 22... Rxe1+ $11 23. Qxe1 {Intending Qe8+ and mate.} fxg6 24. Qe8+ Kh7 {Hoping for ...Ne5.} 25. Re1 {[#]} f3 $1 {[%mdl 512]} 26. Kf1 {Re6 is the strong threat.} (26. Nxf3 Qg3+) 26... Qf6 {[#]} (26... Nd8 $1 $11) 27. Re6 $1 $16 {[%cal Re6f6]} Ra8 28. Qxg6+ Qxg6 29. Nxg6 {KRN-KRN} Ra5 (29... Nd8 $16 {was worth a try.} 30. Rb6 Nc6) 30. Kf2 $18 Rg5 31. Nf8+ Kg8 32. Nd7 Kf7 33. Re4 b5 $2 (33... h5 34. Kxf3 hxg4+ 35. hxg4 Ra5) 34. h4 {Precision: White = 78%, Black = 41%.} 1-0